000 00494nam a2200205Ia 4500
008 240509s9999 xx 000 0 und d
020 _a0000029789907
041 _aEng
082 _a519.2
082 _bH53
100 _aHOGG R.V. & CRAIG A.T.
245 0 _aINTRODUCTION TO MATHEMATICAL STATISTICS
250 _a4th ed.
260 _bNEWYORK : MACMILLAN
260 _c1989
300 _a438 p.
650 _aMATHEMATICAL STATISTICS : STATISTICS
942 _2ddc
942 _cLBK
999 _c22520
_d22520
945 _a1
_bMadushi Gamage
_c1
_dMadushi Gamage